书目信息 |
| 题名: |
草原生态系统研究的方法与实践
|
|
| 作者: | 田青 主编 | |
| 分册: | ||
| 出版信息: | 北京 中国林业出版社 2014 |
|
| 页数: | 232页 | |
| 开本: | 26cm | |
| 丛书名: | ||
| 单 册: | ||
| 中图分类: | S812.29 | |
| 科图分类: | ||
| 主题词: | 草原生态系统--研究 , 草原生态系统 | |
| 电子资源: | ||
| ISBN: | 978-7-5038-7516-8 | |
| 000 | 01052nam0 2200253 450 | |
| 001 | 012015000254 | |
| 005 | 20150914163954.01 | |
| 010 | @a978-7-5038-7516-8@dCNY80.00 | |
| 100 | @a20141008d2014 em y0chiy50 ea | |
| 101 | 0 | @achi |
| 102 | @aCN@b110000 | |
| 105 | @ay z 000yy | |
| 106 | @ar | |
| 200 | 1 | @a草原生态系统研究的方法与实践@Acao yuan sheng tai xi tong yan jiu de fang fa yu shi jian@dResearch methods and practice of grassland ecosystem@zeng@f田青主编 |
| 210 | @a北京@c中国林业出版社@d2014 | |
| 215 | @a232页@d26cm | |
| 330 | @a本书汇聚从事草原生态系统研究和教学学者的知识和经验,从宏观、中观、微观3个层面。审视了草原生态系统的内涵及其研究方法,阐述了草原的基本概念、功能及其分类和区划,系统研究和论述了典型草原、干旱半干旱草原以及高寒草甸草原的研究方法与理论实践。 | |
| 510 | 1 | @aResearch methods and practice of grassland ecosystem@zeng |
| 606 | 0 | @a草原生态系统@x研究 |
| 606 | 0 | @a草原生态系统 |
| 690 | @aS812.29@v5 | |
| 701 | 0 | @a田青@Atian qing@4主编 |
| 801 | 0 | @aCN@b碧洲教育@c20150716 |
| 905 | @a10447@f4@dS812.29@e109 | |
| 草原生态系统研究的方法与实践=Research methods and practice of grassland ecosystem/田青主编.-北京:中国林业出版社,2014 |
| 232页;26cm |
| ISBN 978-7-5038-7516-8:CNY80.00 |
| 本书汇聚从事草原生态系统研究和教学学者的知识和经验,从宏观、中观、微观3个层面。审视了草原生态系统的内涵及其研究方法,阐述了草原的基本概念、功能及其分类和区划,系统研究和论述了典型草原、干旱半干旱草原以及高寒草甸草原的研究方法与理论实践。 |
| ● |
| 相关链接 |
|
|
|
|
正题名:草原生态系统研究的方法与实践
索取号:S812.29/109
 
预约/预借
| 序号 | 登录号 | 条形码 | 馆藏地/架位号 | 状态 | 备注 |
| 1 | 0870069 | 208700690 | 第二样本阅览室/ [索取号:S812.29/109] | 在馆 | |
| 2 | 0870070 | 208700707 | 第三借阅区/ [索取号:S812.29/109] | 在馆 | |
| 3 | 0870071 | 208700716 | 第三借阅区/ [索取号:S812.29/109] | 在馆 | |
| 4 | 0870072 | 208700725 | 密集书库-生命科学系/ [索取号:S812.29/109] | 在馆 |